[Event "Col Ch "]
[Site "Ibague "]
[Date "2013.07.04"]
[Round "6.5"]
[White "Soto, Christian Camilo"]
[Black "Blandon Villa, Diego F"]
[Result "1-0"]
[WhiteElo "2079"]
[BlackElo "2196"]
[PlyCount "149"]
[EventDate "2013.07.01"]
[EventType "swiss"]
[EventRounds "11"]
[EventCountry "COL"]
[SourceDate "2005.09.12"]
[WhiteClock "0:40:24"]
[BlackClock "0:10:08"]

1. c4 Nf6 2. Nc3 e5 3. g3 d5 4. cxd5 Nxd5 5. Bg2 Nb6 6. d3 Nc6 7. Nf3 Be7 8.
O-O O-O 9. Ne4 h6 10. Be3 f5 11. Ned2 Kh7 12. Rc1 Nd5 13. Bc5 Be6 14. a3 Re8
15. Bxe7 Qxe7 16. b4 a6 17. Nb3 Rad8 18. Qc2 Bc8 19. e3 Qf6 20. Nc5 b6 21. Nxa6
Bxa6 22. Qxc6 Qxc6 23. Rxc6 Bxd3 24. Rd1 Bb5 25. Rcc1 Nc3 26. Rxd8 Ne2+ 27. Kh1
Rxd8 28. Ra1 e4 29. Nh4 g6 30. g4 Nc3 31. gxf5 g5 32. Ng6 Kg7 33. Rc1 Rd1+ 34.
Rxd1 Nxd1 35. Kg1 Nc3 36. f3 Kf6 37. fxe4 Bd3 38. Nf8 Nxe4 39. Ne6 c6 40. a4
Kxf5 41. Nd4+ Ke5 42. Nxc6+ Kd6 43. Bxe4 Bxe4 44. Nd4 Kd5 45. Kf2 Kc4 46. a5 b5
47. Kg3 Kxb4 48. Kg4 Kxa5 49. Kh5 b4 50. Kxh6 g4 51. Kg5 Bf3 52. Kf4 Bd1 53. e4
Kb6 54. e5 Kc7 55. Kf5 Kd7 56. e6+ Ke8 57. Kf6 b3 58. Nf5 b2 59. e7 b1=Q 60.
Ng7+ Kd7 61. e8=Q+ Kc7 62. Ne6+ Kb7 63. Nc5+ Ka7 64. Qd7+ Ka8 65. Qc8+ Ka7 66.
Qc7+ Ka8 67. Nd7 Qb7 68. Qa5+ Qa7 69. Qd5+ Qb7 70. Qxd1 Qb2+ 71. Ke7 Qxh2 72.
Qa4+ Kb7 73. Qb5+ Kc8 74. Qc6+ Qc7 75. Qa8+ 1-0

[Event "Col Ch "]
[Site "Ibague "]
[Date "2013.07.04"]
[Round "6.6"]
[White "Tirado, Juan Camilo"]
[Black "Rengifo, Jose Ignacio"]
[Result "0-1"]
[WhiteElo "2001"]
[BlackElo "2133"]
[PlyCount "106"]
[EventDate "2013.07.01"]
[EventType "swiss"]
[EventRounds "11"]
[EventCountry "COL"]
[SourceDate "2005.09.12"]
[WhiteClock "0:00:32"]
[BlackClock "0:37:36"]

1. e4 e5 2. Nf3 Qe7 3. Bc4 d6 4. Nc3 c6 5. a4 Nf6 6. d3 h6 7. Be3 g5 8. h3 Bg7
9. Qe2 Nbd7 10. d4 Nf8 11. dxe5 dxe5 12. O-O-O Ng6 13. g3 O-O 14. h4 g4 15. Nd2
Re8 16. Nb3 b6 17. Qd2 Qb4 18. h5 Qxc4 19. hxg6 h5 20. gxf7+ Qxf7 21. Bg5 Be6
22. Bxf6 Bxf6 23. Qh6 h4 24. gxh4 Bg7 25. Qe3 Rf8 26. Rd6 Rae8 27. Nd1 Qc7 28.
Qd2 Kh7 29. Kb1 Bh6 30. Ne3 Rxf2 31. Qxf2 Qxd6 32. Nf5 Qf8 33. Qg2 Bxf5 34.
exf5 Qxf5 35. Qxc6 Rc8 36. Qb7+ Kh8 37. Rh2 Rd8 38. Qc6 Bf4 39. Re2 g3 40. Ka2
Rc8 41. Qd5 Rf8 42. Qf3 Kh7 43. Re4 Rg8 44. Re2 Kh6 45. Qd5 Qg4 46. Rg2 Rg6 47.
Qa8 Kh5 48. Qxa7 Kxh4 49. Qh7+ Bh6 50. Qb7 Qxa4+ 51. Kb1 Qc6 52. Qh7 Kh3 53.
Re2 g2 0-1

[Event "Col Ch "]
[Site "Ibague "]
[Date "2013.07.04"]
[Round "6.8"]
[White "Arenas, David"]
[Black "Lotero, Faiber"]
[Result "1-0"]
[WhiteElo "2437"]
[BlackElo "2177"]
[PlyCount "81"]
[EventDate "2013.07.01"]
[EventType "swiss"]
[EventRounds "11"]
[EventCountry "COL"]
[SourceDate "2005.09.12"]
[WhiteClock "0:32:21"]
[BlackClock "0:30:33"]

1. e4 e6 2. d4 d5 3. Nc3 Nf6 4. e5 Nfd7 5. f4 c5 6. Nf3 Nc6 7. Be3 a6 8. Qd2 b5
9. a3 Qb6 10. h4 Bb7 11. h5 cxd4 12. Nxd4 Nxd4 13. Bxd4 Bc5 14. Bxc5 Qxc5 15.
h6 g5 16. O-O-O O-O-O 17. Rh5 f6 18. exf6 gxf4 19. Qxf4 Rdf8 20. Rh3 Rxf6 21.
Qh4 Rhf8 22. Bd3 R8f7 23. g4 Ne5 24. g5 Nxd3+ 25. Rhxd3 Rg6 26. Ne4 Qe7 27. Nf6
Qd6 28. Re1 e5 29. Qg4+ Kb8 30. Qf5 Rgxf6 31. gxf6 Qxf6 32. Qxe5+ Ka7 33. Qe3+
Kb8 34. Kb1 Rd7 35. Qe8+ Rd8 36. Qe7 Rd6 37. Rh3 Bc8 38. Rc3 Qxe7 39. Rxe7 Bf5
40. Rf3 Rf6 41. Kc1 1-0

[Event "Col Ch "]
[Site "Ibague "]
[Date "2013.07.04"]
[Round "6.9"]
[White "Panesso Rivera, Henry"]
[Black "Cespedes, Jaime"]
[Result "1-0"]
[WhiteElo "2341"]
[BlackElo "2138"]
[PlyCount "63"]
[EventDate "2013.07.01"]
[EventType "swiss"]
[EventRounds "11"]
[EventCountry "COL"]
[SourceDate "2005.09.12"]
[WhiteClock "0:37:21"]
[BlackClock "0:04:44"]

1. c4 e5 2. Nc3 Nf6 3. g3 d5 4. cxd5 Nxd5 5. Bg2 Nb6 6. Nf3 Nc6 7. O-O Be7 8.
a3 a5 9. d3 O-O 10. Be3 Be6 11. Rc1 Nd5 12. Nxd5 Bxd5 13. Qa4 f5 14. Bc5 Bxc5
15. Rxc5 Qd6 16. Rfc1 Rae8 17. e4 fxe4 18. dxe4 Be6 19. Qb5 Nd4 20. Nxd4 Qxd4
21. R5c2 b6 22. Qe2 c5 23. Rd2 Qa4 24. Rd6 Rf6 25. Rxb6 Bg4 26. Qb5 Qxb5 27.
Rxb5 Ref8 28. h3 Bd7 29. Rb7 Rd6 30. Bf1 h5 31. Rxc5 Rd1 32. Rd5 1-0

[Event "Col Ch "]
[Site "Ibague "]
[Date "2013.07.04"]
[Round "6.10"]
[White "Torres, Juan Camilo"]
[Black "Buitrago, Juan Carlos"]
[Result "1-0"]
[WhiteElo "2341"]
[BlackElo "2124"]
[PlyCount "63"]
[EventDate "2013.07.01"]
[EventType "swiss"]
[EventRounds "11"]
[EventCountry "COL"]
[SourceDate "2005.09.12"]
[WhiteClock "0:26:08"]
[BlackClock "0:09:02"]

1. d4 Nf6 2. c4 g6 3. Nf3 Bg7 4. Nc3 O-O 5. g3 d6 6. Bg2 Nbd7 7. O-O e5 8. h3
c6 9. e4 exd4 10. Nxd4 Re8 11. Be3 Nc5 12. Qc2 Qe7 13. Rfe1 Nfd7 14. Rad1 Ne5
15. b3 f6 16. f4 Nf7 17. Bf2 Ne6 18. Nf5 Qf8 19. Nxg7 Qxg7 20. b4 h5 21. Ne2 g5
22. Kh2 h4 23. f5 Nf8 24. gxh4 gxh4 25. Bxh4 Nd7 26. Qc1 Nde5 27. Rg1 Qh8 28.
Qf4 Kf8 29. Bh1 Nxc4 30. Rg6 a5 31. Bxf6 Qh7 32. Rdg1 1-0

[Event "Col Ch "]
[Site "Ibague "]
[Date "2013.07.04"]
[Round "6.11"]
[White "Florez, Carlos Julio"]
[Black "Mendoza, Rafael"]
[Result "1/2-1/2"]
[WhiteElo "2130"]
[BlackElo "2334"]
[PlyCount "91"]
[EventDate "2013.07.01"]
[EventType "swiss"]
[EventRounds "11"]
[EventCountry "COL"]
[SourceDate "2005.09.12"]

1. e4 e5 2. Nf3 Nc6 3. Bb5 a6 4. Ba4 Nf6 5. O-O Be7 6. Re1 b5 7. Bb3 d6 8. c3
O-O 9. h3 Bb7 10. d3 Na5 11. Bc2 c5 12. Nbd2 Nc6 13. Nf1 Re8 14. Ng3 Bf8 15.
Bg5 h6 16. Be3 d5 17. Qe2 d4 18. cxd4 cxd4 19. Bd2 Bc8 20. Rec1 Nb4 21. Bb3 a5
22. a3 Na6 23. Nh2 Nc5 24. Bd1 a4 25. Ng4 Nxg4 26. hxg4 Be6 27. Bb4 Rc8 28. Nf5
Kh7 29. Qd2 Qg5 30. Qxg5 hxg5 31. Bxc5 Rxc5 32. Rxc5 Bxc5 33. Rc1 Rc8 34. Ng3
g6 35. Nf1 Kg7 36. Nd2 f6 37. f3 Bd6 38. Rxc8 Bxc8 39. Kf2 Be6 40. Ke2 Kf7 41.
Nb1 Ke7 42. Bc2 Kd7 43. Kd1 Kc6 44. Kc1 Kb6 45. Kd1 Ka5 46. Kc1 1/2-1/2

[Event "Col Ch "]
[Site "Ibague "]
[Date "2013.07.04"]
[Round "6.12"]
[White "Sanchez, Sebastian Felipe"]
[Black "Cespedes, Cesar Ivan"]
[Result "1-0"]
[WhiteElo "2328"]
[BlackElo "2111"]
[PlyCount "87"]
[EventDate "2013.07.01"]
[EventType "swiss"]
[EventRounds "11"]
[EventCountry "COL"]
[SourceDate "2005.09.12"]
[WhiteClock "0:30:52"]
[BlackClock "0:43:27"]

1. e4 e6 2. d4 d5 3. Nd2 Nf6 4. e5 Nfd7 5. Bd3 c5 6. c3 Nc6 7. Ne2 Be7 8. O-O
Qb6 9. Nf3 O-O 10. Nf4 Re8 11. Re1 cxd4 12. cxd4 Nd8 13. Bc2 Nf8 14. Nh5 Nc6
15. Bh6 g6 16. Nf6+ Bxf6 17. exf6 Nd7 18. Bg7 Qd8 19. Ne5 Nxf6 20. Bxf6 Qxf6
21. Ba4 Re7 22. Bxc6 bxc6 23. Qa4 Bd7 24. Re3 Be8 25. Qa3 Rc7 26. Rc1 Rb8 27.
Qc3 Qe7 28. Nd3 Rcb7 29. b3 Qa3 30. Nc5 Re7 31. h4 Rb4 32. Rce1 Rb8 33. h5 Qb4
34. Qb2 Qb6 35. Re5 Rc7 36. Qd2 Rcc8 37. Qf4 Qd8 38. R1e3 Qe7 39. hxg6 hxg6 40.
Rh3 f5 41. Nxe6 Qf6 42. g4 Rb7 43. g5 Qf7 44. Qh2 1-0

[Event "Col Ch "]
[Site "Ibague "]
[Date "2013.07.04"]
[Round "6.13"]
[White "Nino, Juan Camilo"]
[Black "Pardo, Alejandro"]
[Result "1/2-1/2"]
[WhiteElo "2093"]
[BlackElo "2232"]
[PlyCount "45"]
[EventDate "2013.07.01"]
[EventType "swiss"]
[EventRounds "11"]
[EventCountry "COL"]
[SourceDate "2005.09.12"]

1. e4 e6 2. d4 d5 3. e5 c5 4. c3 Nc6 5. Nf3 Qb6 6. a3 a5 7. Bd3 Bd7 8. Bc2 Qa6
9. Bd3 c4 10. Bc2 b5 11. O-O a4 12. Ng5 g6 13. f4 Na5 14. Qf3 Ne7 15. Nd2 Nb3
16. Rb1 h6 17. Nh3 O-O-O 18. Nf2 h5 19. Nh3 Nf5 20. Bxf5 gxf5 21. Ng5 Be8 22.
Qe2 Be7 23. Ndf3 1/2-1/2

[Event "Col Ch "]
[Site "Ibague "]
[Date "2013.07.04"]
[Round "6.14"]
[White "Dominguez, Oscar"]
[Black "Ramirez, Benjamin Dario"]
[Result "1/2-1/2"]
[WhiteElo "2092"]
[BlackElo "2214"]
[PlyCount "37"]
[EventDate "2013.07.01"]
[EventType "swiss"]
[EventRounds "11"]
[EventCountry "COL"]
[SourceDate "2005.09.12"]

1. e4 c5 2. Nf3 d6 3. d4 cxd4 4. Nxd4 Nf6 5. Nc3 g6 6. Be3 Bg7 7. f3 a6 8. Qd2
Nc6 9. O-O-O Bd7 10. g4 h6 11. h4 Nxd4 12. Bxd4 Bc6 13. Nd5 Bxd5 14. exd5 Qc7
15. Kb1 Kf8 16. h5 g5 17. f4 Rc8 18. fxg5 hxg5 19. Bd3 1/2-1/2

[Event "Col Ch "]
[Site "Ibague "]
[Date "2013.07.04"]
[Round "6.15"]
[White "Cardozo, Carlos Eduardo"]
[Black "Saladen, Rafael"]
[Result "0-1"]
[WhiteElo "1990"]
[BlackElo "2207"]
[PlyCount "112"]
[EventDate "2013.07.01"]
[EventType "swiss"]
[EventRounds "11"]
[EventCountry "COL"]
[SourceDate "2005.09.12"]

1. d4 Nf6 2. Nf3 g6 3. e3 Bg7 4. Bd3 O-O 5. O-O d6 6. c3 Nc6 7. Nbd2 e5 8. Re1
Re8 9. e4 Nh5 10. Nc4 exd4 11. Bg5 Bf6 12. Bxf6 Qxf6 13. e5 dxe5 14. cxd4 Bg4
15. Ncxe5 Nxe5 16. dxe5 Bxf3 17. exf6 Bxd1 18. Rexd1 Nxf6 19. Rac1 Rad8 20. f3
c6 21. b4 a6 22. Bc4 h5 23. a4 Kg7 24. Kf2 h4 25. Bf1 Rxd1 26. Rxd1 Nd5 27. Rd4
g5 28. b5 axb5 29. axb5 Ra8 30. Rd2 Kf6 31. g3 hxg3+ 32. hxg3 Ke5 33. Bc4 Ra4
34. Ba2 f6 35. bxc6 bxc6 36. Bxd5 cxd5 37. Ke2 Ra3 38. Rb2 f5 39. Rd2 g4 40.
fxg4 fxg4 41. Kf2 Rf3+ 42. Kg2 Ke4 43. Re2+ Re3 44. Rf2 Kd3 45. Rf8 d4 46. Rd8
Re4 47. Kf2 Kc3 48. Rc8+ Kd2 49. Ra8 d3 50. Rd8 Kc2 51. Rc8+ Kd1 52. Rd8 d2 53.
Ra8 Re2+ 54. Kf1 Re1+ 55. Kf2 Kc2 56. Rc8+ Kb3 0-1

[Event "Col Ch "]
[Site "Ibague "]
[Date "2013.07.04"]
[Round "6.16"]
[White "Gutierrez, Ramon"]
[Black "Vasquez, Nuremberg Ad"]
[Result "1-0"]
[WhiteElo "2207"]
[BlackElo "2002"]
[PlyCount "61"]
[EventDate "2013.07.01"]
[EventType "swiss"]
[EventRounds "11"]
[EventCountry "COL"]
[SourceDate "2005.09.12"]

1. e4 c5 2. Nf3 d6 3. d4 cxd4 4. Nxd4 Nf6 5. Nc3 a6 6. Be2 e5 7. Nb3 Be7 8. O-O
Be6 9. Bg5 Nbd7 10. Qd2 b5 11. Bd3 O-O 12. Kh1 d5 13. exd5 Nxd5 14. Bxe7 Nxe7
15. f4 exf4 16. Qxf4 Nf6 17. Nd4 Bc8 18. Rad1 Qb6 19. Qg3 Bb7 20. Qh3 Ng6 21.
Nce2 Rae8 22. Nf5 Ne4 23. Ned4 Nc5 24. Qh5 Nxd3 25. Rxd3 Be4 26. Rh3 h6 27.
Nxh6+ gxh6 28. Qxh6 Bxg2+ 29. Kxg2 Re2+ 30. Nxe2 Nf4+ 31. Qxf4 1-0

[Event "Col Ch "]
[Site "Ibague "]
[Date "2013.07.04"]
[Round "6.18"]
[White "Herrera Perez, Martin Steven"]
[Black "Martinez, Jorge Alexander"]
[Result "1-0"]
[WhiteElo "1974"]
[BlackElo "2189"]
[PlyCount "81"]
[EventDate "2013.07.01"]
[EventType "swiss"]
[EventRounds "11"]
[EventCountry "COL"]
[SourceDate "2005.09.12"]

1. e4 c5 2. Nf3 Nc6 3. d4 cxd4 4. Nxd4 Nf6 5. Nc3 e5 6. Ndb5 d6 7. Bg5 a6 8.
Na3 b5 9. Nd5 Be7 10. Bxf6 gxf6 11. Bd3 Be6 12. c3 O-O 13. Qf3 Kh8 14. Nc2 Rg8
15. Nce3 Rb8 16. O-O Rg6 17. a4 Qc8 18. axb5 axb5 19. Ra2 Bf8 20. Nf5 b4 21.
Rfa1 bxc3 22. bxc3 Rg5 23. Ra6 Bxf5 24. exf5 Ne7 25. Nxe7 Bxe7 26. Ra8 Rg8 27.
Be4 Qc5 28. Rxb8 Rxb8 29. Ra8 Rxa8 30. Bxa8 Qa3 31. g3 Bd8 32. Bd5 Ba5 33. Qh5
Qc1+ 34. Kg2 Qg5 35. Qxf7 h5 36. h4 Qg4 37. f3 Qg7 38. Qxh5+ Qh7 39. Qe8+ Kg7
40. Qf7+ Kh8 41. Qf8+ 1-0

[Event "Col Ch "]
[Site "Ibague "]
[Date "2013.07.04"]
[Round "6.19"]
[White "Gonzalez Parejo, Ramon Junior"]
[Black "Tovio, Israel"]
[Result "0-1"]
[WhiteElo "2094"]
[BlackElo "2291"]
[PlyCount "78"]
[EventDate "2013.07.01"]
[EventType "swiss"]
[EventRounds "11"]
[EventCountry "COL"]
[SourceDate "2005.09.12"]

1. e4 c5 2. Nf3 Nf6 3. e5 Nd5 4. c3 Nc6 5. d4 cxd4 6. cxd4 d6 7. Bc4 e6 8. O-O
Be7 9. Qe2 O-O 10. Nc3 Nxc3 11. bxc3 dxe5 12. dxe5 Qc7 13. Bd2 b6 14. Rfe1 Bb7
15. Rad1 Rad8 16. h3 Rd7 17. Bd3 Rfd8 18. Bg5 Bxg5 19. Nxg5 h6 20. Qe4 hxg5 21.
Qh7+ Kf8 22. Qh8+ Ke7 23. Qxg7 Rf8 24. Qxg5+ Ke8 25. h4 Qd8 26. Qg3 Rh8 27. Re4
Kf8 28. Rg4 Ne7 29. Rd2 Ba6 30. c4 Rd4 31. Qe3 Rxg4 32. Be2 Rxg2+ 33. Kxg2 Qa8+
34. f3 Nf5 35. Qa3+ Kg7 36. Qxa6 Rxh4 37. Bf1 Ne3+ 38. Kg1 Qxf3 39. Bg2 Rg4 0-1

[Event "Col Ch "]
[Site "Ibague "]
[Date "2013.07.04"]
[Round "6.20"]
[White "Uribe Arteaga, Daniel"]
[Black "Posada, Juan Manuel"]
[Result "1-0"]
[WhiteElo "2274"]
[BlackElo "2101"]
[PlyCount "43"]
[EventDate "2013.07.01"]
[EventType "swiss"]
[EventRounds "11"]
[EventCountry "COL"]
[SourceDate "2005.09.12"]

1. d4 Nf6 2. c4 d6 3. Nc3 e5 4. Nf3 Nbd7 5. Bg5 c6 6. e3 Be7 7. Qc2 Qc7 8.
O-O-O a6 9. Kb1 b5 10. dxe5 dxe5 11. Ne4 Ra7 12. Bd3 h6 13. Bh4 Nxe4 14. Bxe4
Nf6 15. cxb5 cxb5 16. Bc6+ Kf8 17. Bg3 Be6 18. Bxe5 Qc8 19. Nd4 Bd7 20. Bxf6
Bxf6 21. Bxd7 Qxd7 22. Nc6 1-0

[Event "Col Ch "]
[Site "Ibague "]
[Date "2013.07.04"]
[Round "6.22"]
[White "Ruge, Edison"]
[Black "Valdes, Nicolas"]
[Result "0-1"]
[WhiteElo "2231"]
[BlackElo "2095"]
[PlyCount "66"]
[EventDate "2013.07.01"]
[EventType "swiss"]
[EventRounds "11"]
[EventCountry "COL"]
[SourceDate "2005.09.12"]

1. Nf3 Nf6 2. g3 d5 3. Bg2 c5 4. d3 Nc6 5. O-O e5 6. Re1 Bg4 7. h3 Bf5 8. Bg5
h6 9. Bxf6 Qxf6 10. e4 dxe4 11. dxe4 Rd8 12. Qe2 Be6 13. Qb5 Be7 14. Qxb7 Bc4
15. Nc3 Rb8 16. Qxb8+ Nxb8 17. b3 Be6 18. Nd5 Bxd5 19. exd5 Bd6 20. Nd2 O-O 21.
Re2 Qg6 22. Nc4 Nd7 23. Rae1 h5 24. g4 hxg4 25. hxg4 Bb8 26. Ne3 e4 27. Nf5
Qxg4 28. Ne7+ Kh8 29. Rxe4 Qg5 30. R1e3 g6 31. Kf1 Kg7 32. Ra4 Rh8 33. Bh3 Rxh3
0-1

[Event "Col Ch "]
[Site "Ibague "]
[Date "2013.07.04"]
[Round "6.24"]
[White "Valle, Efrain"]
[Black "Navia, Edwin Adrian"]
[Result "0-1"]
[WhiteElo "2229"]
[BlackElo "2094"]
[PlyCount "47"]
[EventDate "2013.07.01"]
[EventType "swiss"]
[EventRounds "11"]
[EventCountry "COL"]
[SourceDate "2005.09.12"]

1. Nf3 Nf6 2. g3 c5 3. Bg2 Nc6 4. O-O g6 5. d3 Bg7 6. e4 O-O 7. Nbd2 d5 8. exd5
Nxd5 9. Ne4 b6 10. Re1 e6 11. h4 h6 12. h5 g5 13. c4 Nde7 14. Nfxg5 hxg5 15. h6
Bd4 16. Qh5 Bd7 17. Nxg5 Qe8 18. Qe2 Rc8 19. Ne4 f5 20. Ng5 e5 21. Be3 Bxe3 22.
Qxe3 Qg6 23. f4 exf4 24. gxf4 0-1

[Event "Col Ch "]
[Site "Ibague "]
[Date "2013.07.04"]
[Round "6.25"]
[White "Garces, Javier"]
[Black "Guerrero Sierra, Juan Carlos"]
[Result "1/2-1/2"]
[WhiteElo "2001"]
[BlackElo "2227"]
[PlyCount "126"]
[EventDate "2013.07.01"]
[EventType "swiss"]
[EventRounds "11"]
[EventCountry "COL"]
[SourceDate "2005.09.12"]

1. d4 Nf6 2. Nf3 c5 3. Bf4 Qb6 4. b3 Nc6 5. e3 d6 6. Be2 Bg4 7. c3 e6 8. Nbd2
Nd5 9. Nc4 Qd8 10. Rc1 Nxf4 11. exf4 b5 12. Ne3 Bxf3 13. Bxf3 d5 14. Qe2 Qa5
15. O-O cxd4 16. Nxd5 Ba3 17. Rcd1 O-O 18. Nb4 Nxb4 19. cxb4 Qxb4 20. Bxa8 Rxa8
21. Qe4 Rd8 22. Rd3 g6 23. Qc6 Qa5 24. Rfd1 Rd5 25. g3 Bb2 26. R1d2 Bc3 27. Re2
b4 28. Kg2 Kg7 29. f3 Kf6 30. g4 Qb5 31. Qxb5 Rxb5 32. Rc2 Ke7 33. Kf2 a5 34.
Rd1 a4 35. bxa4 Ra5 36. Ke2 Kd6 37. a3 Kc5 38. axb4+ Kxb4 39. Rb1+ Kc4 40. Ra2
g5 41. Rb5 d3+ 42. Kd1 gxf4 43. Rxa5 Bxa5 44. Rb2 Bb4 45. g5 e5 46. a5 Bxa5 47.
Rb7 Kd4 48. Rxf7 Ke3 49. Rxh7 Kxf3 50. g6 e4 51. Rh3+ Kf2 52. Rxd3 e3 53. Rxe3
fxe3 54. g7 e2+ 55. Kc2 e1=Q 56. g8=Q Qc3+ 57. Kb1 Qd3+ 58. Ka2 Qc2+ 59. Ka3
Bc3 60. Qg3+ Kf1 61. Qh3+ Ke1 62. Qg3+ Kd1 63. Qf3+ Kc1 1/2-1/2

[Event "Col Ch "]
[Site "Ibague "]
[Date "2013.07.04"]
[Round "6.26"]
[White "Hernandez, Oscar Eduardo"]
[Black "Nunez V, Daniel"]
[Result "0-1"]
[WhiteElo "1970"]
[BlackElo "2225"]
[PlyCount "86"]
[EventDate "2013.07.01"]
[EventType "swiss"]
[EventRounds "11"]
[EventCountry "COL"]
[SourceDate "2005.09.12"]

1. e4 c5 2. c3 g6 3. d4 cxd4 4. cxd4 d5 5. e5 Nc6 6. Nc3 Bg7 7. Nf3 f6 8. Bb5
Nh6 9. exf6 exf6 10. O-O O-O 11. h3 Be6 12. Re1 Bf7 13. Bxc6 bxc6 14. Na4 Nf5
15. Bf4 g5 16. Bh2 h5 17. g4 Nh6 18. Nc5 hxg4 19. hxg4 Qc8 20. Nd2 Qxg4+ 21.
Qxg4 Nxg4 22. Ne6 Rfe8 23. Nxg7 Kxg7 24. Bd6 Nh6 25. Bg3 Nf5 26. Nb3 Bg6 27.
Rac1 Nxg3 28. fxg3 Rxe1+ 29. Rxe1 Be4 30. Rc1 Rh8 31. Rxc6 Rh1+ 32. Kf2 Rh2+
33. Ke3 Rg2 34. Nc5 Rxg3+ 35. Kf2 Rg2+ 36. Ke3 Rxb2 37. Rc7+ Kg6 38. Rxa7 f5
39. Nxe4 dxe4 40. d5 Rb4 41. Re7 f4+ 42. Kf2 Kf5 43. d6 e3+ 0-1

[Event "Col Ch "]
[Site "Ibague "]
[Date "2013.07.04"]
[Round "6.27"]
[White "Munoz, Jhon Edison"]
[Black "Gaviria, Andres Felipe"]
[Result "1-0"]
[WhiteElo "2214"]
[BlackElo "2077"]
[PlyCount "87"]
[EventDate "2013.07.01"]
[EventType "swiss"]
[EventRounds "11"]
[EventCountry "COL"]
[SourceDate "2005.09.12"]

1. d4 Nf6 2. c4 d6 3. Nc3 Nbd7 4. e4 e5 5. Nf3 c6 6. Be2 Be7 7. O-O O-O 8. Be3
Ng4 9. Bd2 Qc7 10. d5 a5 11. Ne1 Ngf6 12. Nd3 Re8 13. Be3 Bf8 14. Re1 g6 15. b3
Bg7 16. Rc1 c5 17. g4 Rf8 18. Kh1 Nb6 19. g5 Ne8 20. Rg1 Bd7 21. Qd2 Qd8 22.
Nxc5 dxc5 23. Bxc5 f5 24. f3 f4 25. Bf2 Nc8 26. c5 Nc7 27. a3 Kh8 28. Bc4 Qe8
29. Qd3 Rb8 30. a4 Ra8 31. Qe2 h6 32. gxh6 Bxh6 33. Rb1 g5 34. b4 g4 35. fxg4
f3 36. Qf1 Bf4 37. b5 Rf6 38. Bg3 Be3 39. Bh4 Rf4 40. Qh3 Kg8 41. c6 Bxg1 42.
cxd7 Qxd7 43. d6+ Kg7 44. Bg5 1-0

[Event "Col Ch "]
[Site "Ibague "]
[Date "2013.07.04"]
[Round "6.28"]
[White "Valderrama Quiceno, Esteban Al"]
[Black "Munoz, Julian Andres"]
[Result "1-0"]
[WhiteElo "1939"]
[BlackElo "2207"]
[PlyCount "45"]
[EventDate "2013.07.01"]
[EventType "swiss"]
[EventRounds "11"]
[EventCountry "COL"]
[SourceDate "2005.09.12"]

1. e4 c5 2. Nf3 Nc6 3. Bb5 g6 4. O-O Bg7 5. Bxc6 dxc6 6. d3 Nf6 7. h3 O-O 8.
Nc3 Qc7 9. Be3 b6 10. Qd2 Rd8 11. Bf4 Qd7 12. Rfe1 Nh5 13. Bh6 Bd4 14. e5 Qc7
15. Be3 Ng7 16. Bxd4 cxd4 17. Ne4 h5 18. Ng3 f6 19. Qh6 Kf7 20. Nh4 Bf5 21.
Ngxf5 Nxf5 22. e6+ Kg8 23. Qxg6+ 1-0

[Event "Col Ch "]
[Site "Ibague "]
[Date "2013.07.04"]
[Round "6.29"]
[White "Osorio, Alejandro"]
[Black "Barros, Raul Junior"]
[Result "1/2-1/2"]
[WhiteElo "1883"]
[BlackElo "2180"]
[PlyCount "65"]
[EventDate "2013.07.01"]
[EventType "swiss"]
[EventRounds "11"]
[EventCountry "COL"]
[SourceDate "2005.09.12"]

1. d4 Nf6 2. c4 g6 3. Nc3 Bg7 4. e4 d6 5. Bg5 O-O 6. Qd2 Nc6 7. d5 Ne5 8. f4
Ned7 9. Nf3 Nc5 10. Bd3 a5 11. O-O Nxd3 12. Qxd3 Nd7 13. Rae1 Nc5 14. Qd2 Re8
15. Nd4 f6 16. Bh4 e5 17. dxe6 Nxe6 18. b3 Nxd4 19. Qxd4 g5 20. Bg3 f5 21. Qd2
gxf4 22. Bxf4 Qf6 23. Nd5 Qf7 24. Re3 Kh8 25. Qd1 Be6 26. Kh1 Bxd5 27. exd5
Rxe3 28. Bxe3 Be5 29. Qf3 Rf8 30. Bh6 Re8 31. Bd2 Rf8 32. Bh6 Re8 33. Bd2
1/2-1/2

[Event "Col Ch "]
[Site "Ibague "]
[Date "2013.07.04"]
[Round "6.30"]
[White "Diaz, Jaime Walter"]
[Black "Lopez Idarraga, Daniel Eduardo"]
[Result "1-0"]
[WhiteElo "2175"]
[BlackElo "2053"]
[PlyCount "77"]
[EventDate "2013.07.01"]
[EventType "swiss"]
[EventRounds "11"]
[EventCountry "COL"]
[SourceDate "2005.09.12"]

1. e4 e6 2. d3 d5 3. Nd2 Nf6 4. Ngf3 c5 5. g3 Nc6 6. Bg2 dxe4 7. dxe4 e5 8. O-O
Be7 9. c3 O-O 10. Qe2 h6 11. Nc4 Qc7 12. Rd1 Be6 13. Ne3 Rfd8 14. Nh4 Rxd1+ 15.
Qxd1 Rd8 16. Qc2 Qd7 17. Nhf5 Qd3 18. Nxe7+ Nxe7 19. Qxd3 Rxd3 20. Bf1 Rd8 21.
f3 g5 22. Bg2 Ng6 23. Kf2 h5 24. c4 Rd4 25. Nd5 Bxd5 26. cxd5 Rd1 27. Ke2 Rg1
28. Bf1 Rh1 29. Bxg5 Rxh2+ 30. Ke3 Ne8 31. Bd3 b6 32. b3 Nd6 33. Bf1 Rh1 34.
Bg2 Rg1 35. Rxg1 Kf8 36. Bh3 Nb5 37. Bf5 Nd4 38. Bxg6 fxg6 39. f4 1-0

[Event "Col Ch "]
[Site "Ibague "]
[Date "2013.07.04"]
[Round "6.31"]
[White "Lora, Joel Fernando"]
[Black "Otero, Alvaro Junior"]
[Result "1-0"]
[WhiteElo "2151"]
[BlackElo "2018"]
[PlyCount "55"]
[EventDate "2013.07.01"]
[EventType "swiss"]
[EventRounds "11"]
[EventCountry "COL"]
[SourceDate "2005.09.12"]

1. d4 d5 2. c4 c6 3. Nc3 Nf6 4. Nf3 e6 5. e3 Nbd7 6. Bd3 Be7 7. O-O dxc4 8.
Bxc4 b5 9. Bd3 b4 10. Ne4 c5 11. Qc2 cxd4 12. Nxd4 O-O 13. Nc6 Qe8 14. Nxe7+
Qxe7 15. Qc7 Nd5 16. Qg3 e5 17. Qg5 Rd8 18. a3 Qxg5 19. Nxg5 h6 20. Nf3 bxa3
21. Rxa3 f6 22. e4 N5b6 23. Be3 Bb7 24. Rfa1 Bc6 25. b4 Kf8 26. b5 Bb7 27. Rxa7
Ke7 28. Bxb6 1-0

[Event "Col Ch "]
[Site "Ibague "]
[Date "2013.07.04"]
[Round "6.33"]
[White "Salcedo, Pablo Esteban"]
[Black "Otero, Daniel"]
[Result "0-1"]
[WhiteElo "1869"]
[BlackElo "2135"]
[PlyCount "93"]
[EventDate "2013.07.01"]
[EventType "swiss"]
[EventRounds "11"]
[EventCountry "COL"]
[SourceDate "2005.09.12"]

1. d4 Nf6 2. c4 e6 3. Nc3 Bb4 4. Nf3 O-O 5. e3 b6 6. Be2 Bb7 7. O-O Bxc3 8.
bxc3 Ne4 9. Qc2 f5 10. Rd1 d6 11. d5 e5 12. Bd3 Ng5 13. Nxg5 Qxg5 14. f4 Qf6
15. e4 exf4 16. exf5 Bc8 17. Rf1 Bxf5 18. Rxf4 Bxd3 19. Qxd3 Qe5 20. Rxf8+ Kxf8
21. Bf4 Qh5 22. Rf1 Kg8 23. c5 Nd7 24. cxd6 cxd6 25. Bxd6 Nf6 26. c4 b5 27. c5
Qxd5 28. Qxd5+ Nxd5 29. c6 Nf6 30. Rb1 a6 31. a4 Ne4 32. Be5 Kf7 33. axb5 axb5
34. Rb4 Nc5 35. Rxb5 Nd3 36. Bd4 Ra4 37. c7 Rc4 38. Rc5 Nxc5 39. c8=Q Rc1+ 40.
Kf2 Nd3+ 41. Ke3 Rxc8 42. Kxd3 g5 43. Ke4 Ke6 44. Kf3 Kf5 45. h3 Rc4 46. Bb2 h5
47. Bg7 0-1